000 00771nam a22002057a 4500
005 20140307144647.0
010 _aB-520755-760
020 _a9789380028057
_c195.00
035 _aB-520755-760
037 _bBBB/Ven
_adpl
082 _aS
100 _aDeshpande, Sanjay
245 _aIn Defence of the Realm /
_cby Sanjay Deshpande illustrated by Lalit Kumar Sharma
260 _aNew Delhi
_bCampfire Publisher
_ban imprint of Kalyani Navyug Media Pvt. Ltd.
_c2010
270 _a101C, Shiv House, Hari Nagar Ashram
_bNew Delhi
_e110014
300 _avarious pages.
_bcol.ill.
_c22cm.(pbk)
700 _aillustrated by Sharma, Lalit Kumar
942 _2ddc
_cCH
_hS
_mDES
999 _c79348
_d79348